Quiz - 100 pytań na temat Związku Radzieckiego (1918-1953) - Statystyki

Ogólne statystyki
  • Ten quiz został rozwiązany 21 razy
  • Średni wynik to 50 z 100
Statystyki odpowiedzi
Pytanie Odpowiedź % Poprawnych
Podaj pełną nazwę państwa Związek Socjalistycznych Republik Radzieckich
93%
Z ilu republik związkowych w 1956 roku składał się Związek Radziecki? 16
86%
Ideologia Związku Radzieckiego komunizm
86%
Stolica ZSRR Moskwa
86%
Kolor kojarzący się z ZSRR i komunizmem Czerwony
79%
Jeden z krajów bałtyckich włączonych do Związku Radzieckiego po II wojnie światowej, część tego kraju zostało włączone do największej republiki radzieckiej wraz z miastem Iwangorod Estonia
79%
Drugie największe miasto w ZSRR, oblężone przez 2,5 roku w czasie operacji Barbarossa Leningrad
79%
Jeden z krajów bałtyckich włączonych do Związku Radzieckiego po II wojnie światowej, znany z dużego portu, w którym położona jest jego stolica Łotwa
79%
Element flagi i godła ZSRR, symbol komunizmu reprezentujący robotników Młot
79%
Element flagi i godła ZSRR, symbol komunizmu reprezentujący rolników Sierp
79%
Miasto, w którym odbyła się jedna z kluczowych bitew II wojny światowej, która według wielu przesądziła o klęsce III Rzeszy. Nazwana na cześć jednego z najważniejszych ludzi w ZSRR Stalingrad
79%
W której republice związkowej głównie wystąpił wielki głód? Ukraińska Socjalistyczna Republika Radziecka
79%
Frakcja w rewolucji, która przejęła władzę i utworzyła ZSRR Bolszewicy
71%
Element występujący na umundurowaniu oraz fladze Związku Radzieckiego Gwiazda
71%
Przywódca ZSRR, nazywany "czerwonym carem", jeden z Wielkiej Trójki Józef Stalin
71%
W 1946 zmieniono nazwę powyższego miasta na cześć zmarłego członka partii komunistycznej. Obecnie jest stolicą obwodu rosyjskiego oddzielonego od macierzystego terytorium Rosji Kaliningrad
71%
Półwysep położony nad Morzem Czarnym, zdobyty przez wojska III Rzeszy po klęsce Armii Czerwonej, miejsce kluczowe dla floty radzieckiej Krym
71%
Jeden z krajów bałtyckich włączonych do Związku Radzieckiego po II wojnie światowej, w latach powojennych aktywna była tam silnie partyzantka antyradziecka, w jego skład po wojnie włączono port Kłajpeda Litwa
71%
Miasto liczące powyżej 300 tys. mieszkańców w 1939. Należące przed II wojną światową do II Rzeczpospolitej, które zostało włączone do ZSRR na skutek zmiany granicy na linii Curzona. Znane z tzw. "orląt ..." Lwów
71%
Najważniejszy plac w całym ZSRR, znajduje się w Moskwie i odbywały się na nim historyczne parady wojskowe Plac Czerwony
71%
Język urzędowy wprowadzony w każdej z republik związkowych Rosyjski
71%
Rzeka nad którą położone było powyższe miasto, najdłuższa rzeka Europy Wołga
71%
Alfabet głównie wykorzystywany w Związku Sowieckim Cyrylica
64%
Jeden z najważniejszych wojskowych i generałów II wojny światowej, poprowadził wiele zwycięskich dla ZSRR bitew, finalnie to on poprowadził paradę zwycięstwa w Moskwie w 1945 roku, po wojnie utracił wpływy, jednak po śmierci Stalina zajmował stanowiska rządowe, do dziś uznawany za bohatera w Rosji Gieorgij Żukow
64%
System obozów pracy w ZSRR w czasach Stalina Gułag
64%
Państwo, które zdołało wyzwolić się samodzielnie w trakcie II wojny światowej bez całkowitej interwencji Armii Czerwonej, później jedno z państw komunistycznych niezależnych od Moskwy Jugosławia
64%
Stolica jednej z republik związkowych. Miasto stracone w 1941 przez oblężenie wojsk radzieckich przez wojska niemieckie. Bitwę pod tym miastem uważa się za największe okrążenie wojsk w historii. Jedna z największych klęsk Armii Czerwonej Kijów
64%
Miejsce w którym podejmowano najważniejsze decyzje w ZSRR Kreml
64%
Stał na czele NKWD podczas II wojny światowej i po niej aż do śmierci Stalina, uznawany był za dobrego organizatora, odpowiadał za system obozów pracy, po śmierci Stalina na kilka miesięcy przejął władzę z tylnego fotela, w wyniku spisku jego towarzyszy, obawiających się że posiada on niekorzystne, obarczające ich materiały, został aresztowany i zamordowany Ławrientij Beria
64%
Przed 1940 część Rumunii, nazywana Besarabią. Była jednym z najbiedniejszych regionów ZSRR Mołdawia
64%
Państwo, w którym po II wojnie światowej wprowadzono rządy komunistyczne. Utraciło ono dużą część terytoriów na rzecz ZSRR, zyskując jednocześnie tzw. Ziemie Odzyskane, stolica tego państwa została zniszczona przez Niemców w 1944 po klęsce powstania Polska
64%
Pierwszy przywódca państwa, którego kult trwał przez cały okres istnienia ZSRR Włodzimierz Ilicz Lenin
64%
Ile republik utworzyło Związek Radziecki w 1922 roku? 4
57%
Państwo podzielone przez aliantów po II wojnie światowej, po części zdobyte przez Armię Czerwoną w 1945 roku, w wyniku odpowiedniej polityki państwa nigdy nie weszło do żadnego bloku wojskowego zwaśnionych stron Austria
57%
Miasto należące do II Rzeczpospolitej do 1939, później włączone do ZSRR, w 1941 przejęte przez III Rzeszę. Po II wojnie światowej wcielone z powrotem do Polski. Białystok
57%
Która bitwa przesądziła o klęsce rozsiania rewolucji w latach 20 XX wieku? Bitwa Warszawska
57%
Polski i radziecki rewolucjonista, tworzył służbę bezpieczeństwa w ZSRR, od 1917 roku stał na czele Czeka, nazywany Czerwonym Katem, zmarł w 1926 roku na atak serca, obecnie jest w Białorusi uważany za bohatera narodowego Feliks Dzierżyński
57%
Państwo zaatakowane przez ZSRR podczas II wojny światowej kilkukrotnie, dawniej wchodzące w skład Carstwa Rosyjskiego, po 1945 roku utrzymało niepodległość i ustrój demokratyczny jednak nie weszło w skład żadnego bloku wojskowego ze względu na wspólną granicę z ZSRR Finlandia
57%
Nazwa polityki dotyczącej rolnictwa, przeprowadzona w ZSRR oraz innych krajach komunistycznych po 1945 roku Kolektywizacja
57%
Miasto leżące w Prusach, bardzo ważne dla historii Niemiec, przejęte przez Armię Czerwoną w 1945 roku i włączone do RFSRR. W 1946 zmieniono nazwę miasta na cześć zmarłego członka partii komunistycznej. Koningsberg
57%
Największy wróg i przeciwnik Stalina Lew Trocki
57%
Państwo powstałe z radzieckiej strefy okupacyjnej w 1949 roku jako odpowiedź na powstanie zjednoczonego z 3 okupowanych części państwa niemieckiego, w tym kraju powstała służba bezpieczeństwa nazwa Stasi Niemiecka Republika Demokratyczna (NRD)
57%
Jak nazywano mieszkańców ZSRR? Sowieci
57%
Pierwsza wojna pomiędzy ZSRR, a Finlandią w 1940, w której Związek Radziecki przejął część Karelii oraz półwysep Hanko Wojna zimowa
57%
Pierwszy duży kryzys na linii alianci zachodni i ZSRR odbył się w tym mieście Berlin
50%
Jak nazywano grupy walczące o dawny porządek i carat? Biali
50%
Państwo, w którym po II wojnie światowej ponownie wybuchła wojna domowa między komunistami a nacjonalistami, finalnie w 1949 wygrana przez stronę komunistyczną Chiny
50%
Państwo, w którym po II wojnie światowej wprowadzono rządy komunistyczne w miejsce demokracji i republiki, składało się z dwóch części składowych, dopiero w 1948 roku komuniści przejęli pełnie władzy Czechosłowacja
50%
Jedna ze stron II wojny światowej, której wojnę ZSRR wypowiedział dopiero w 1945 roku, w wyniku ataku Armii Czerwonej przejęto terytorium Mandżurii i północnej części półwyspy koreańskiego Japonia
50%
Nazwa wielkich gospodarstw rolnych powstałych w wyniku powyższej polityki w Związku Radzieckim Kołchozy
50%
Marszałek ZSRR pochodzenia polskiego, w latach 20 kierował walkami z białymi na dalekiej Syberii i w Mongolii, w czasie wielkiej czystki aresztowany, po wybuchu II wojny światowej przywrócony do służby, brał udział w najważniejszych walkach w ZSRR, po wojnie działał w Polsce, po destalinizacji wrócił do ZSRR Konstanty Rokossowski
50%
Państwo powstało na terenach okupowanych przez ZSRR w Azji, wrogo nastawione do swojego sąsiada na południu, do tej pory komunistyczne Korea Północna
50%
Nazwa używana w Związku Radzieckim określająca bogatego chłopa, uznawanego za "wroga klasowego" Kułak
50%
Pojedyncza jednostka tego systemu Łagier
50%
Marszałek skazany na śmierć w 1937 roku Michaił Tuchaczewski
50%
Państwo, w którym po II wojnie światowej wprowadzono rządy komunistyczne w miejsce monarchii, państwo to utraciło dużą część terytoriów w wyniku przegranej III Rzeszy Węgry
50%
Bliski współpracownik Stalina, przez wielu uznawany za możliwego następcę Stalina, przez cały okres II wojny światowej ludowy komisarz spraw zagranicznych, utracił swoje wpływy pod koniec życia Stalina Wiaczesław Mołotow
50%
Państwo Europy Zachodniej, w którym duże wpływy po II wojnie światowej zdobyli komuniści, wynikało to z rozczarowania prawicą i faszyzmem Włochy
50%
Państwo, w którym po II wojnie światowej wprowadzono rządy komunistyczne, rządzone przez dyktatora, który walczył z kościołem i stworzył pierwsze w pełni ateistyczne państwo na świecie, według jednej z koncepcji miało wejść w skład większego państwa jednak w wyniku konfliktu między jego przywódcą a Stalinem zrezygnowano z tego pomysłu Albania
43%
Przywódca tego państwa, był szkolonym agentem Moskwy, rządził do 1956 roku do swojej śmierci, nazywany "małym Stalinem" wierny wykonawca woli Stalina, po jego śmierci z jego inicjatywy nazwę jednego z miast zmieniono na Stalinogród Bolesław Bierut
43%
Państwo, w którym po II wojnie światowej wprowadzono rządy komunistyczne w miejsce caratu, jako jedyne z krajów Europy Środkowo-Wschodniej chciało zostać włączone do ZSRR jako jedna z republik związkowych Bułgaria
43%
Nazwa powstałego w 1949 państwa w wyniku wygranej komunistów Chińska Republika Ludowa
43%
Państwo Europy Zachodniej, w którym duże wpływy po II wojnie światowej zdobyli komuniści, w 1946 roku partia komunistyczna stała się największą siłą w kraju Francja
43%
Państwo, w którym po II wojnie światowej trwała wojna domowa między rządem a komunistami, zakończyła się ona w 1949 roku Grecja
43%
Okres wielkiego głodu w jednej z republik radzieckich Hołodomor
43%
Proces polegający na zwiększeniu udziału przemysłu ciężkiego w gospodarce, wprowadzony w ZSRR pod koniec lat 20 Industrializacja
43%
Przywódca tego państwa, wprowadził on rządy komunistyczne skupione w rękach jego rodziny, według wprowadzonej przez siebie doktryny jest "wiecznym" przywódcą tego państwa Kim Ir Sen
43%
Organizacja mająca na celu kontrolę partii komunistycznych na świecie przez ZSRR, propagowanie idei komunistycznych i przygotowania do światowej rewolucji komunistycznej, rozwiązana w 1943 roku Komintern
43%
Przywódca tego państwa Mao Zedong
43%
Budowla znajdująca się na tym placu, pełniące rolę trybuny honorowej dla najważniejszych osób w ZSRR, grobowiec pierwszego wodza bolszewików Mauzoleum Lenina
43%
Państwo, w którym wprowadzono rządy komunistyczne w latach 20. Graniczyło od północy z ZSRR i było silnie powiązane z nim gospodarczo. Komunizm został w nim obalony kilka lat po upadku ZSRR Mongolia
43%
Nazwa doktryny gospodarczej działającej w latach 1921-1928 w ZSRR, która dopuszczała sektor prywatny w gospodarce Nowa Polityka Ekonomiczna (NEP)
43%
Państwo, w którym po II wojnie światowej w 1947 roku wprowadzono rządy komunistyczne w miejsce monarchii, graniczyło z dwoma republikami związkowymi ZSRR, później kojarzone z dyktatorem nazywanym "Słońcem Karpat" Rumunia
43%
Styl architektoniczny powstały w Związku Radzieckim, przymusowo wprowadzany w krajach komunistycznych Socrealizm
43%
Najpopularniejsza broń ręczna w ZSRR, powstała po II wojnie światowej AK-47
36%
Ludowy Komisarz Spraw Wewnętrznych ZSRR, stał na czele NKWD, rozpoczął wielką czystkę lat 30, utracił stanowisko w wyniku zatargu ze Stalinem, został oskarżony i rozstrzelany w 1938 roku Gienrich Jagoda
36%
Marszałek ZSRR, pierwszy dowódca Zjednoczonych Sił Zbrojnych Państw Stron Układu Warszawskiego, współwinny klęski na przedpolach Moskwy, wrócił do łask i był dowódcą Frontu Ukraińskiego Iwan Koniew
36%
Przywódca powyższego państwa, często określany największym rywalem Stalina po II wojnie światowej, kilkukrotnie próbowano go otruć na polecenie Stalina, rządził do swojej śmierci w latach 80 Josip Broz Tito
36%
Partia rządząca niepodzielnie ZSRR Komunistyczna Partia Związku Radzieckiego
36%
Plan pomocy dla ZSRR realizowany po ataku III Rzeszy przez Wielką Brytanię i Stany Zjednoczone Lend-Lease
36%
Pieśń będąca hymnem ZSRR do 1944 roku, utożsamiana z komunizmem i rewolucją Międzynarodówka
36%
Stanął na czele NKWD w 1936 roku, był odpowiedzialny za najkrwawszy okres wielkiej czystki, nazywany "Krwawym Karłem", utracił wpływy w 1938 roku, został oskarżony o zdradę i homoseksualizm, został zamordowany podczas II wojny światowej, był wymazywany z wszelkich zdjęć i kronik filmowych Nikołaj Jeżow
36%
Druga wojna między ZSRR i Finlandią, w latach 1941-1944, w której Finlandia początkowo odzyskała swoje terytoria we współpracy z III Rzeszą, po klęskach III Rzeszy terytoria te powróciły do ZSRR, jednak Finlandia zachowała niezależność Wojna kontynuacyjna
36%
Związek Radziecki stworzył tą broń w 1949, będąc drugim supermocarstwem posiadającym tego typu broń oprócz Stanów Zjednoczonych Bomba atomowa
29%
Miasto, w którym urodził się powyższy przywódca Gori
29%
Republika radziecka powstała po wojnie zimowej, miała być pierwszym krokiem w aneksji Finlandii, po 1956 włączona w skład Rosyjskiej FSRR Karelo-Fińska Socjalistyczna Republika Radziecka
29%
Nazwa potoczna planów gospodarczych w ZSRR, później również w krajach demokracji ludowej Pięciolatka
29%
Państwo istniejące w latach 1921-1944 z rządami komunistycznymi, zależne od ZSRR, podczas II wojny światowej włączone do Związku Radzieckiego jako republika autonomiczna Tuwińska Republika Ludowa
29%
Inna nazwa wykorzystywana na terenie ZSRR określająca lata 1941-1945 II wojny światowej Wojna ojczyźniana
29%
Wcześniejsza nazwa partii Wszechzwiązkowa Komunistyczna Partia (bolszewików)
29%
Państwo okupowane na północy przez ZSRR w trakcie II wojny światowej, po jej zakończeniu Związek Radziecki chciał rozszerzyć swoje wpływy w tym państwie, jednak po 1946 musiały z tego zrezygnować Iran
21%
Organizacja międzynarodowa zrzeszająca europejskie partie komunistyczne powstała w 1947 roku w Szklarskiej Porębie, rozwiązany w 1956 roku Kominform
21%
Działacz partyjny, podczas XVII zjazdu otrzymał propozycję zastąpienia Stalina, zmarły w niewyjaśnionych okolicznościach w 1934 roku w Leningradzie Siergiej Kirow
21%
Potoczna nazwa dla państw komunistycznych powstałych w Europie Środkowo-Wschodniej po 1945 roku Blok wschodni
14%
Miasto, do którego planowano przenieść stolicę w przypadku zdobycia przez wojska niemieckie Moskwy Kujbyszew
14%
Dacza należąca do Stalina, w której odbywały się rozmowy pomiędzy członkami partii, miejsce śmierci Stalina Dacza w Kuncewie
7%
Element godła ZSRR, przepasany czerwonymi wstęgami z hasłem ZSRR w każdym z 15 języków urzędowych Związku Radzieckiego Kłosy
7%
Dawna nazwa republiki związkowej w latach 1922-1936, w której skład wchodziła Gruzja Zakaukaska Federacyjna Socjalistyczna Republika Radziecka
7%
Nazwa gospodarki wprowadzonej w ZSRR oraz krajach komunistycznych m.in.: w Polsce Gospodarka planowa
0%
Ustrój Związku Radzieckiego (oficjalnie) socjalistyczna republika federacyjna
0%
Nie znaleziono quizów pasujących do podanych kryteriów
Rozkład punktacji
Procent ludzi z każdym wynikiem
Percentyl według liczby udzielonych odpowiedzi
Twoja historia wyników
Nie rozwiązałeś tego quizu